Lettres les moins utilisées dans les pays - Erreurs éliminatoires - Statistiques

Statistiques générales
  • Ce quiz a été pris 129 fois
  • Le résultat moyen est 9 sur 10
Statistiques - réponses
% # Letter % Correct
0,72% 12 Z
99%
0,42% 7 W
98%
0,78% 13 Y
96%
0,12% 2 X
95%
1,07% 18 Q
92%
0,95% 16 K
89%
1,19% 20 V
80%
1,67% 28 H
78%
0,42% 7 J
75%
0,48% 8 F
51%
Aucun quiz correspondant
Distribution des résultats
% des personnes avec chaque résultat
Percentile par nombre de réponses
Votre historique - résultats
Vous n’avez pas pris ce quiz